| 000 | 00869nam0a22002531 4500 | ||
|---|---|---|---|
| 001 | rc\2773727 | ||
| 005 | 20250806204535.0 | ||
| 035 | _a(NLR Aleph) 006900050 | ||
| 090 |
_a29315 _c29315 |
||
| 100 | _a20110915d1941 u y0rusy50 ca | ||
| 101 | 0 | _arus | |
| 102 | _aRU | ||
| 105 | _aa z ||||| | ||
| 200 | 1 |
_aПриусадебный плодово-ягодный сад _fЧеляб. обл. плодово-овощ. опыт. станция им. И. В. Мичурина |
|
| 210 |
_a[Челябинск] _cЧелябгиз _d1941 |
||
| 215 |
_a92 с. _cил. _d16 см. |
||
| 700 | 1 |
_aСанников _bВ.С. _gВасилий Степанович |
|
| 801 | 0 |
_aRU _bNLR _gpsbo |
|
| 801 | 1 |
_aRU _bELAR _2rusmarc |
|
| 852 |
_aNLR _jС40 Г-2/22 |
||
| 942 | _cBOOK | ||
| 945 | _aРоссийская национальная библиотека | ||
| 980 | _aNB | ||
| 980 | _aBV | ||